000 00300nam a22001337a 4500
008 171003b xxu||||| |||| 00| 0 eng d
020 _a9780176472733
041 _aeng
080 _a159.9
100 _a48
101 _aPSI
245 _aPSYHOLOGY THEMES VARIATIONS
_cWEITEN.W
942 _2udc
_cBK
999 _c31323
_d31323